Exportación Completada — 

Histoire la Littérature Chinoise

Gardado en:
Detalles Bibliográficos
Autor Principal: Margoulies, G.
Formato: Libro
Idioma:Undetermined
Publicado: Paris Payot 1949
Những chủ đề:
Các nhãn: Engadir etiqueta
Sen Etiquetas, Sexa o primeiro en etiquetar este rexistro!
Thư viện lưu trữ: Trung tâm Học liệu Trường Đại học Cần Thơ
LEADER 00507nam a2200193Ia 4500
001 CTU_88398
008 210402s9999 xx 000 0 und d
082 |a 895.109 
082 |b M329 
100 |a Margoulies, G. 
245 0 |a Histoire la Littérature Chinoise 
245 0 |c G. Margoulies 
260 |a Paris 
260 |b Payot 
260 |c 1949 
650 |a Chinese literature 
650 |x History and criticism 
904 |i Năm,Hải 
980 |a Trung tâm Học liệu Trường Đại học Cần Thơ